|
|
|
|
| LEADER |
01142nam a2200265 a 4500 |
| 001 |
998171 |
| 008 |
091012s1990 caua b 000 0 eng d |
| 010 |
|
|
|a 85644749
|
| 020 |
|
|
|a 1555428355
|
| 040 |
|
|
|a IPL
|c IPL
|d DGW
|
| 082 |
0 |
0 |
|a 362.196
|2 19
|
| 245 |
1 |
0 |
|a Evaluating AIDS prevention :
|b contributions of multiple disciplines /
|c Laura C. Leviton, Andrea M. Hegedus, Alan Kubrin, editors.
|
| 260 |
|
|
|a San Francisco :
|b Jossey-Bass,
|c c1990.
|
| 300 |
|
|
|a 106 p. :
|b ill. ;
|c 29 cm.
|
| 490 |
0 |
|
|a New directions for program evaluation
|b 0164-7989;
|v no. 46
|
| 504 |
|
|
|a Includes bibliographical references and indexes.
|
| 541 |
1 |
|
|e 00006446
|
| 650 |
|
0 |
|a AIDS (Disease)
|x Prevention.
|
| 700 |
1 |
|
|a Leviton, Laura C.
|
| 700 |
1 |
|
|a Hegedus, Andrea M.
|
| 700 |
1 |
|
|a Kubrin, Alan.
|
| 710 |
2 |
|
|a Foundation for Research on Educational Planning and Development (Bangladesh)
|
| 852 |
4 |
|
|a Ayesha Abed Library
|j General shelf
|
| 999 |
|
|
|c 4741
|d 4741
|
| 952 |
|
|
|0 0
|1 0
|2 ddc
|4 0
|6 362_196000000000000_EVA_1990
|7 0
|9 4552
|a BRACUL
|b BRACUL
|c GEN
|d 2009-10-21
|g 0.00
|l 0
|o 362.196 EVA
|p 3010006446
|r 2009-10-21
|t 1
|w 2009-10-21
|y BK
|x No price found in the accession register.
|